Ricostruisci la Carriera del Calciatore - Federico Bonazzoli - Statistics

Statistiche generali
  • Questo quiz è stato fatto 6 volte
  • Il punteggio medio è 4 su 11
Statistiche sulle risposte
Hint Risposta % Corretto
2021-2023 Salernitana
100%
2015-2016 Sampdoria
67%
2016 Virtus Lanciano
67%
2016-2017 Brescia
33%
2013-2015 Inter
33%
2020-2021 Torino
33%
2023- Verona
33%
2018-2019 Padova
0%
2017 Sampdoria
0%
2019-2020 Sampdoria
0%
2017-2018 SPAL
0%
Nessun quiz corrispondente trovato
Distribuzione punteggi
Percentuale di utenti per punteggio
Percentile per numero di risposta
I tuoi punteggi nel tempo
Non hai fatto questo quiz